00358nam a2200121Ia 4500008004000000020001800040082002100058100002000079245005700099260003600156300001300192650003100205210210b2001 xxu||||| |||| 00| 0 eng d a81 7648 272 4 a327.5405491 CHII aCHITKARA (M G). aIndo-Pak relations challenges before new millennium. aNew Delhi.bNot Mentionedc2001 axxiv,248 aIndia Pakistan relations